[Event "RUS-ch Higher League (Women) 75th"]
[Site "Lipetsk"]
[Date "2025.07.03"]
[Round "7"]
[White "Zhurova, Anna"]
[Black "Loskutova, Viktoriya"]
[Result "0-1"]
[WhiteElo "2317"]
[BlackElo "2092"]
[PlyCount "96"]
[EventDate "2025.06.26"]
[EventType "swiss"]
[EventRounds "9"]
[EventCountry "RUS"]
[SourceTitle "CB28_2025"]
[SourceDate "2025.07.09"]
[SourceVersion "1"]
[SourceVersionDate "2025.07.09"]
[SourceQuality "1"]

1. e4 c5 2. Nf3 d6 3. d4 cxd4 4. Nxd4 Nf6 5. Nc3 Nc6 6. Bc4 e6 7. Be3 a6 8. Qe2 Bd7 9. a3 b5 10. Ba2 Be7 11. f4 Qb8 12. 0-0 0-0 13. Rad1 Nxd4 14. Rxd4 Bc6 15. Bf2 a5 16. a4 bxa4 17. f5 e5 18. Rd3 Qb4 19. Bh4 Rac8 20. Rh3 Bb7 21. Kh1 Rxc3 22. Rxc3 Qxb2 23. Rc7 Bd8 24. Bxf6 Bxf6 25. Rb1 Qxa2 26. Rcxb7 h6 27. R7b2 Qa3 28. Qd3 Qxd3 29. cxd3 Bg5 30. Rb8 Bd2 31. Rxf8+ Kxf8 32. Ra1 Ke7 33. Rxa4 Bb4 34. Ra2 Kd7 35. Kg1 Kc6 36. Kf2 Kb5 37. Ke3 Bc3 38. d4 exd4+ 39. Kd3 Kb4 40. Rf2 Kb3 41. f6 g6 42. e5 dxe5 43. Re2 a4 44. Rxe5 a3 45. Rb5+ Ka4 46. Rb7 a2 47. Rxf7 a1Q 48. Ra7+ Ba5 0-1

[Event "RUS-ch Higher League (Women) 75th"]
[Site "Lipetsk"]
[Date "2025.07.01"]
[Round "5"]
[White "Kovalevskaya, Ekaterina"]
[Black "Zhurova, Anna"]
[Result "1-0"]
[WhiteElo "2270"]
[BlackElo "2317"]
[PlyCount "173"]
[EventDate "2025.06.26"]
[EventType "swiss"]
[EventRounds "9"]
[EventCountry "RUS"]
[SourceTitle "CB28_2025"]
[SourceDate "2025.07.09"]
[SourceVersion "1"]
[SourceVersionDate "2025.07.09"]
[SourceQuality "1"]

1. e4 c5 2. Nf3 e6 3. g3 Nc6 4. Bg2 d6 5. 0-0 Be7 6. d4 cxd4 7. Nxd4 Bd7 8. c4 Nf6 9. Nc3 0-0 10. b3 a6 11. Bb2 Qa5 12. Nc2 b5 13. Ne3 Rfd8 14. Qe2 Rac8 15. Rfd1 b4 16. Na4 Qc7 17. Rac1 Qa7 18. Kh1 Be8 19. f4 e5 20. Nf5 Bf8 21. c5 dxc5 22. fxe5 Nd7 23. Rd5 Ne7 24. Nd6 Rb8 25. Rd2 Ng6 26. Nc4 Be7 27. Rcd1 Ndf8 28. Rxd8 Bxd8 29. Nd6 Bb5 30. Qf2 Ne6 31. h4 Nd4 32. Nxc5 Ne6 33. Nd3 Bb6 34. Qd2 Be3 35. Qc2 Nd4 36. Qc5 Qxc5 37. Nxc5 Ne2 38. Nxb5 axb5 39. Na6 Ra8 40. Nxb4 Nxg3+ 41. Kh2 Nh5 42. Bf3 Nhf4 43. h5 Nf8 44. Bd4 Bxd4 45. Rxd4 h6 46. Kg3 N8e6 47. Rd6 g5 48. hxg6 Nxg6 49. Bg4 Ng5 50. Bf5 Nxe5 51. Rxh6 Kg7 52. Rb6 Ra5 53. Kf4 f6 54. Ke3 Ngf7 55. Kd4 Nf3+ 56. Kc5 Ra7 57. Kxb5 N7e5 58. Rb8 Kh6 59. Kb6 Rg7 60. Rh8+ Kg5 61. Nd5 Nd4 62. Bc8 Rg6 63. Kc5 Ne2 64. Bf5 Rg7 65. Rh2 Nd3+ 66. Kb6 Nef4 67. Nxf4 Kxf4 68. a4 Rg8 69. Rh7 Nc1 70. b4 Ke5 71. a5 Na2 72. b5 Nc3 73. a6 Na4+ 74. Ka5 Nc5 75. Rh1 Kd6 76. Rd1+ Kc7 77. Rd5 Nb3+ 78. Kb4 Na1 79. Rc5+ Kb6 80. Rc6+ Ka7 81. Rc7+ Kb8 82. Rc1 Ka7 83. Rxa1 Rb8 84. Rd1 Ka8 85. Ka5 Ka7 86. Rd7+ Ka8 87. Be6 1-0

[Event "RUS-ch Higher League (Women) 75th"]
[Site "Lipetsk"]
[Date "2025.06.26"]
[Round "1"]
[White "Khafizova, Diana"]
[Black "Zhurova, Anna"]
[Result "0-1"]
[WhiteElo "2075"]
[BlackElo "2317"]
[PlyCount "66"]
[EventDate "2025.06.26"]
[EventType "swiss"]
[EventRounds "9"]
[EventCountry "RUS"]
[SourceTitle "CB28_2025"]
[SourceDate "2025.07.09"]
[SourceVersion "1"]
[SourceVersionDate "2025.07.09"]
[SourceQuality "1"]

1. d4 Nf6 2. c4 e6 3. Nc3 Bb4 4. e3 0-0 5. Bd3 d5 6. a3 dxc4 7. Bxc4 Bd6 8. Nf3 Nc6 9. 0-0 e5 10. d5 Ne7 11. e4 h6 12. h3 Bd7 13. b4 a6 14. Re1 Ng6 15. Be3 Rc8 16. Rc1 Qe7 17. Nd2 b5 18. Bf1 c5 19. bxc5 Bxc5 20. Bxc5 Qxc5 21. Qb3 Nf4 22. Qb4 Qa7 23. Nb3 Nh7 24. Qa5 f5 25. Re3 fxe4 26. Rd1 Nf6 27. Qb4 Rf7 28. Qd6 Nd3 29. Bxd3 Rxc3 30. Na5 Rxd3 31. Rdxd3 exd3 32. Nc6 Qxe3 33. fxe3 d2 0-1

[Event "Wch U20 Girls 41st"]
[Site "Petrovac"]
[Date "2025.03.04"]
[Round "8"]
[White "Zhurova, Anna"]
[Black "Song, Yuxin"]
[Result "1/2-1/2"]
[WhiteElo "2307"]
[BlackElo "2381"]
[PlyCount "73"]
[EventDate "2025.02.25"]
[EventType "swiss"]
[EventRounds "11"]
[EventCountry "MNE"]
[SourceTitle "CB11_2025"]
[SourceDate "2025.03.12"]
[SourceVersion "1"]
[SourceVersionDate "2025.03.12"]
[SourceQuality "1"]

1. e4 c5 2. Nf3 Nc6 3. d4 cxd4 4. Nxd4 g6 5. c4 Bg7 6. Be3 Nf6 7. Nc3 Ng4 8. Qxg4 Nxd4 9. Qd1 Ne6 10. Qd2 Qa5 11. Rc1 b6 12. Be2 Bb7 13. 0-0 Bxc3 14. Rxc3 Bxe4 15. a3 Qe5 16. f3 Bc6 17. b4 Rd8 18. Rd3 g5 19. Re1 Rg8 20. Bd1 Qc7 21. Bf2 Qf4 22. Qc2 h5 23. Rde3 Qf6 24. Re5 d6 25. R5e3 Rd7 26. Qb1 g4 27. fxg4 Nf4 28. Bf3 Bxf3 29. Rxf3 hxg4 30. Rfe3 Qg6 31. Qb3 Kf8 32. Qa4 Rc7 33. c5 Nd5 34. cxb6 Nxb6 35. Qb5 Qg5 36. Qxg5 Rxg5 37. Bh4 1/2-1/2

[Event "Wch U20 Girls 41st"]
[Site "Petrovac"]
[Date "2025.03.02"]
[Round "6"]
[White "Zhurova, Anna"]
[Black "Kirtadze, Anastasia"]
[Result "1-0"]
[WhiteElo "2307"]
[BlackElo "2218"]
[PlyCount "81"]
[EventDate "2025.02.25"]
[EventType "swiss"]
[EventRounds "11"]
[EventCountry "MNE"]
[SourceTitle "CB11_2025"]
[SourceDate "2025.03.12"]
[SourceVersion "1"]
[SourceVersionDate "2025.03.12"]
[SourceQuality "1"]

1. e4 c6 2. d4 d5 3. e5 Bf5 4. Nf3 e6 5. Be2 Nd7 6. 0-0 a5 7. c4 dxc4 8. Bxc4 h6 9. Nc3 Ne7 10. Be3 Nb6 11. Bd3 Nbd5 12. Ne4 Ng6 13. a3 Be7 14. Qd2 h5 15. Bg5 f6 16. exf6 gxf6 17. Be3 Kf7 18. Nc3 Bxd3 19. Qxd3 h4 20. Nd2 Ngf4 21. Bxf4 Nxf4 22. Qe4 Qc7 23. Ne2 Nxe2+ 24. Qxe2 h3 25. g3 Rad8 26. Rfe1 Qd6 27. Rad1 Qd5 28. Nf3 Rh5 29. Rd3 Rd6 30. Re3 Bd8 31. Re4 Bb6 32. Ne5+ Rxe5 33. dxe5 fxe5 34. Qh5+ Ke7 35. Qxh3 Bd4 36. Qh7+ Kd8 37. Qxb7 Rd7 38. Qb8+ Ke7 39. Rh4 Rd8 40. Qc7+ Kf6 41. Rh6+ 1-0

[Event "RUS Cup tt (Women)"]
[Site "Sochi"]
[Date "2024.12.03"]
[Round "7.1"]
[White "Zhurova, Anna"]
[Black "Zhapova, Yana"]
[Result "1/2-1/2"]
[WhiteElo "2279"]
[BlackElo "2243"]
[PlyCount "39"]
[EventDate "2024.11.27"]
[EventType "team-tourn"]
[EventRounds "7"]
[EventCountry "RUS"]
[SourceTitle "CB50_2024"]
[SourceDate "2024.11.01"]
[SourceVersion "1"]
[SourceVersionDate "2024.11.01"]
[SourceQuality "2"]
[WhiteTeam "Voronezh (W)"]
[BlackTeam "Novosibirsk Region (W)"]
[WhiteTeamCountry "RUS"]
[BlackTeamCountry "RUS"]

1. e4 e5 2. Nf3 Nc6 3. Bb5 Nf6 4. 0-0 Nxe4 5. Re1 Nd6 6. Nxe5 Be7 7. Bf1 Nxe5 8. Rxe5 0-0 9. d4 Bf6 10. Bd3 Ne8 11. Nc3 Bxe5 12. dxe5 d6 13. Qh5 g6 14. Qh6 Be6 15. Bg5 Qd7 16. Ne4 f5 17. Nf6+ Nxf6 18. Bxf6 Rae8 19. Rd1 Rxf6 20. exf6 1/2-1/2

[Event "RUS Cup tt (Women)"]
[Site "Sochi"]
[Date "2024.11.29"]
[Round "3.9"]
[White "Zhurova, Anna"]
[Black "Vasilevich, Tatjana"]
[Result "1/2-1/2"]
[WhiteElo "2279"]
[BlackElo "2293"]
[PlyCount "61"]
[EventDate "2024.11.27"]
[EventType "team-tourn"]
[EventRounds "7"]
[EventCountry "RUS"]
[SourceTitle "CB50_2024"]
[SourceDate "2024.11.01"]
[SourceVersion "1"]
[SourceVersionDate "2024.11.01"]
[SourceQuality "2"]
[WhiteTeam "Voronezh (W)"]
[BlackTeam "Kimmeriya (W)"]
[WhiteTeamCountry "RUS"]
[BlackTeamCountry "RUS"]

1. e4 c5 2. Nf3 e6 3. d4 cxd4 4. Nxd4 Nc6 5. Nc3 Qc7 6. Be2 a6 7. Nxc6 Qxc6 8. 0-0 b5 9. Bf3 Bb7 10. Bf4 d6 11. a4 bxa4 12. Rxa4 Be7 13. Qd2 h6 14. b3 Rc8 15. Rc4 Qd7 16. Rd1 Rxc4 17. bxc4 Nf6 18. Bxd6 Bxd6 19. Qxd6 Qxd6 20. Rxd6 Nd7 21. Be2 Ke7 22. Rd1 Nc5 23. f3 Rd8 24. Kf2 Rxd1 25. Nxd1 Kd6 26. Ke3 Na4 27. Nf2 e5 28. Kd2 f6 29. c3 Bc8 30. Kc2 a5 31. Kb3 1/2-1/2

[Event "EU-Cup (Women) 28th"]
[Site "Vrnjacka Banja"]
[Date "2024.10.26"]
[Round "7.4"]
[White "Muedder, Melanie"]
[Black "Zhurova, Anna"]
[Result "0-1"]
[WhiteElo "1931"]
[BlackElo "2199"]
[PlyCount "76"]
[EventDate "2024.10.20"]
[EventType "team-swiss"]
[EventRounds "7"]
[EventCountry "SRB"]
[SourceTitle "CB44_2024"]
[Source "Chessbase"]
[SourceDate "2024.10.30"]
[SourceVersion "1"]
[SourceVersionDate "2024.10.30"]
[SourceQuality "1"]
[WhiteTeam "Solingen (W) II"]
[BlackTeam "Crvena Zvezda (W)"]
[WhiteTeamCountry "GER"]
[BlackTeamCountry "SRB"]

1. e4 c5 2. Nc3 Nc6 3. Nge2 g6 4. d4 cxd4 5. Nxd4 Bg7 6. Nb3 Nf6 7. Be2 0-0 8. 0-0 d6 9. Re1 a6 10. Bf1 Bg4 11. f3 Be6 12. Nd5 Rc8 13. c3 Re8 14. Be3 Bxd5 15. exd5 Ne5 16. Rb1 b5 17. Bf2 Nc4 18. Nd4 Qd7 19. Nc2 Qb7 20. b3 Ne5 21. c4 bxc4 22. bxc4 Qa8 23. Ne3 Bh6 24. Qa4 Nfd7 25. Nc2 Rc7 26. Nb4 a5 27. Nc2 Nc5 28. Qa3 Qc8 29. Rb5 Ncd7 30. Nd4 Nf6 31. Qxa5 Nxc4 32. Bxc4 Rxc4 33. Nc6 Qd7 34. Rb6 e6 35. dxe6 Rxe6 36. Rb8+ Kg7 37. Nd4 Rxe1+ 38. Qxe1 Rc1 0-1

[Event "EU-Cup (Women) 28th"]
[Site "Vrnjacka Banja"]
[Date "2024.10.24"]
[Round "5.2"]
[White "Zhurova, Anna"]
[Black "Injac, Teodora"]
[Result "1-0"]
[WhiteElo "2199"]
[BlackElo "2424"]
[PlyCount "59"]
[EventDate "2024.10.20"]
[EventType "team-swiss"]
[EventRounds "7"]
[EventCountry "SRB"]
[SourceTitle "CB44_2024"]
[Source "Chessbase"]
[SourceDate "2024.10.30"]
[SourceVersion "1"]
[SourceVersionDate "2024.10.30"]
[SourceQuality "1"]
[WhiteTeam "Crvena Zvezda (W)"]
[BlackTeam "Ajka Garuda (W)"]
[WhiteTeamCountry "SRB"]
[BlackTeamCountry "HUN"]

1. e4 e5 2. Nf3 Nc6 3. Bb5 a6 4. Ba4 Bc5 5. Nc3 d6 6. d4 exd4 7. Nxd4 Nge7 8. Bg5 Bxd4 9. Bxc6+ bxc6 10. Qxd4 f6 11. Be3 Be6 12. f4 0-0 13. 0-0-0 c5 14. Qd2 Nc6 15. g4 Rb8 16. b3 c4 17. Rhg1 cxb3 18. cxb3 Kh8 19. f5 Bg8 20. g5 Ne5 21. gxf6 Qxf6 22. Rg3 a5 23. Rdg1 a4 24. Bg5 Qf7 25. Nxa4 Rfe8 26. Nc3 Nd7 27. Be3 Nc5 28. Rxg7 Qf6 29. Bd4 Re5 30. Qg5 1-0

[Event "RUS-ch Higher League (Women) 74th"]
[Site "Nizhnij Novgorod"]
[Date "2024.07.02"]
[Round "6"]
[White "Afonasieva, Anna"]
[Black "Zhurova, Anna"]
[Result "1-0"]
[WhiteElo "2115"]
[BlackElo "2239"]
[PlyCount "139"]
[EventDate "2024.06.26"]
[EventType "swiss"]
[EventRounds "9"]
[EventCountry "RUS"]
[SourceTitle "EXT 2025"]
[Source "ChessBase"]
[SourceDate "2024.10.14"]
[SourceVersion "1"]
[SourceVersionDate "2024.10.14"]
[SourceQuality "1"]

1. e4 e6 2. d4 d5 3. Nc3 Bb4 4. a3 Bxc3+ 5. bxc3 dxe4 6. Qg4 Nf6 7. Qxg7 Rg8 8. Qh6 Rg6 9. Qd2 b6 10. Ne2 Bb7 11. c4 Nc6 12. Qc3 Qd7 13. h3 0-0-0 14. Be3 Ne8 15. g4 Rg8 16. 0-0-0 Na5 17. Ng3 Qc6 18. Qb4 Kb8 19. c5 Qd7 20. Bb5 Bc6 21. Ba6 Nf6 22. c4 h6 23. Bf4 Ka8 24. Be5 Nh7 25. cxb6 cxb6 26. Kb1 Bb7 27. Bxb7+ Qxb7 28. Rhe1 Ng5 29. Bf6 Rc8 30. Rc1 Nxh3 31. Nxe4 Qd7 32. Re3 Rxg4 33. Be5 Rxe4 34. Rxe4 Nxf2 35. Re3 Ng4 36. Rg3 f5 37. Rgc3 Nc6 38. Qb5 Qb7 39. c5 Ngxe5 40. dxe5 bxc5 41. Rxc5 Qxb5+ 42. Rxb5 Ne7 43. Rxc8+ Nxc8 44. a4 Ne7 45. a5 Nc6 46. a6 Nb8 47. Ra5 h5 48. Ra4 h4 49. Rxh4 Nxa6 50. Rh7 Kb8 51. Re7 Nc7 52. Kc2 Kb7 53. Kd3 Kc6 54. Kc4 a5 55. Rh7 a4 56. Rh3 Nd5 57. Rh6 Nf4 58. Rh8 Ng6 59. Rc8+ Kd7 60. Rc5 a3 61. Ra5 a2 62. Kd4 Nh4 63. Kc5 Kc7 64. Ra7+ Kb8 65. Rxa2 f4 66. Kd6 f3 67. Kxe6 Kc7 68. Kf6 Ng2 69. Rc2+ Kd8 70. e6 1-0

[Event "RUS-ch Higher League (Women) 74th"]
[Site "Nizhnij Novgorod"]
[Date "2024.06.28"]
[Round "3"]
[White "Zhurova, Anna"]
[Black "Chervyakova, Tatiana"]
[Result "1-0"]
[WhiteElo "2239"]
[BlackElo "1946"]
[PlyCount "89"]
[EventDate "2024.06.26"]
[EventType "swiss"]
[EventRounds "9"]
[EventCountry "RUS"]
[SourceTitle "EXT 2025"]
[Source "ChessBase"]
[SourceDate "2024.10.14"]
[SourceVersion "1"]
[SourceVersionDate "2024.10.14"]
[SourceQuality "1"]

1. e4 c5 2. Nf3 Nc6 3. Bb5 Nf6 4. Nc3 Nd4 5. e5 Nxb5 6. Nxb5 Nd5 7. 0-0 e6 8. d4 a6 9. c4 Nb4 10. Bg5 Qb6 11. a3 Nc6 12. dxc5 Bxc5 13. Nd6+ Bxd6 14. Qxd6 Qa7 15. Rfe1 Qb8 16. Qd3 b5 17. Rad1 h6 18. Bc1 bxc4 19. Qxc4 Ne7 20. Qd4 Qc7 21. Bd2 Bb7 22. Ba5 Qc8 23. Rc1 Bc6 24. Qg4 0-0 25. Nd4 Qb7 26. Bb4 Rfe8 27. Rc3 Nf5 28. Nxf5 exf5 29. Qxf5 Re6 30. Rg3 a5 31. Bc3 Qb3 32. h4 Qa4 33. h5 Rae8 34. Ree3 Qd1+ 35. Kh2 Qd5 36. Rg4 Kf8 37. Rd3 Qb5 38. Rf4 f6 39. exf6 Qxf5 40. fxg7+ Kg8 41. Rxf5 Be4 42. Rf8+ Rxf8 43. gxf8Q+ Kxf8 44. Rxd7 Bc6 45. Rh7 1-0

[Event "RUS-chT 31th"]
[Site "Sochi"]
[Date "2024.05.08"]
[Round "7.10"]
[White "Zhurova, Anna"]
[Black "Vlasenko, Miroslav"]
[Result "1/2-1/2"]
[WhiteElo "2220"]
[BlackElo "2338"]
[PlyCount "33"]
[EventDate "2024.05.01"]
[EventType "team-tourn"]
[EventRounds "9"]
[EventCountry "RUS"]
[SourceTitle "CBM 220 Extra"]
[Source "ChessBase"]
[SourceDate "2024.07.31"]
[SourceVersion "1"]
[SourceVersionDate "2024.07.31"]
[SourceQuality "1"]
[WhiteTeam "Voronezh"]
[BlackTeam "St Petersburg SSHOR"]
[WhiteTeamCountry "RUS"]
[BlackTeamCountry "RUS"]

1. e4 Nc6 2. Nf3 d6 3. d4 Nf6 4. Nc3 g6 5. Be2 Bg7 6. 0-0 0-0 7. d5 Nb8 8. h3 c6 9. Be3 Nbd7 10. a4 Qc7 11. a5 Re8 12. Nd2 Nc5 13. Ra3 cxd5 14. exd5 Bd7 15. Re1 Rec8 16. Bd4 Qd8 17. Bf1 1/2-1/2

[Event "RUS-chT 31th"]
[Site "Sochi"]
[Date "2024.05.02"]
[Round "2.22"]
[White "Zhurova, Anna"]
[Black "Drygalov, Sergey"]
[Result "0-1"]
[WhiteElo "2220"]
[BlackElo "2558"]
[PlyCount "104"]
[EventDate "2024.05.01"]
[EventType "team-tourn"]
[EventRounds "9"]
[EventCountry "RUS"]
[SourceTitle "CBM 220 Extra"]
[Source "ChessBase"]
[SourceDate "2024.07.31"]
[SourceVersion "1"]
[SourceVersionDate "2024.07.31"]
[SourceQuality "1"]
[WhiteTeam "Voronezh"]
[BlackTeam "Moscow ShSM"]
[WhiteTeamCountry "RUS"]
[BlackTeamCountry "RUS"]

1. e4 c5 2. Nf3 d6 3. d4 cxd4 4. Nxd4 Nf6 5. Nc3 a6 6. Bc4 e6 7. Be3 b5 8. Bb3 Be7 9. a3 0-0 10. Qe2 Bb7 11. f3 Nbd7 12. 0-0-0 b4 13. axb4 a5 14. b5 a4 15. Ba2 a3 16. b3 Rc8 17. Na4 d5 18. Kb1 dxe4 19. c4 Qc7 20. f4 g6 21. Nc2 Ra8 22. Rc1 Rxa4 23. bxa4 Nc5 24. Na1 Nxa4 25. Nb3 Nd7 26. Qd2 Ra8 27. Rhd1 Ndc5 28. Nxc5 Nxc5 29. Qc3 f6 30. Bxc5 Bxc5 31. Qxf6 Re8 32. Qe5 Qxe5 33. fxe5 e3 34. Bb3 Rf8 35. Rf1 Rf2 36. Rxf2 exf2 37. Bc2 Bxg2 38. Bd3 g5 39. Ka2 h5 40. Rb1 g4 41. b6 Bb7 42. Be2 Kf8 43. Rd1 Ke7 44. Kb3 Be4 45. Ka2 Bxb6 46. Kxa3 Bc5+ 47. Kb3 Bf5 48. Bf1 h4 49. Bg2 h3 50. Bf1 Be4 51. Rd3 Bxd3 52. Bxd3 g3 0-1

[Event "RUS-ch U20 Girls"]
[Site "Ekaterinburg"]
[Date "2024.04.08"]
[Round "2"]
[White "Nur Mukhametova, Alisa"]
[Black "Zhurova, Anna"]
[Result "0-1"]
[WhiteElo "2156"]
[BlackElo "2203"]
[PlyCount "54"]
[EventDate "2024.04.07"]
[EventType "tourn"]
[EventRounds "9"]
[EventCountry "RUS"]
[SourceTitle "CBM 219 Extra"]
[Source "ChessBase"]
[SourceDate "2024.05.31"]
[SourceVersion "1"]
[SourceVersionDate "2024.05.31"]
[SourceQuality "1"]

1. d4 Nf6 2. c4 e6 3. Nf3 b6 4. a3 Bb7 5. Nc3 g6 6. Qc2 Bg7 7. e4 0-0 8. Be2 d5 9. e5 Ne4 10. h4 c5 11. cxd5 exd5 12. dxc5 bxc5 13. h5 Nd7 14. e6 fxe6 15. Nxe4 dxe4 16. Ng5 Qf6 17. Bc4 Bd5 18. hxg6 Ne5 19. Bxd5 exd5 20. gxh7+ Kh8 21. 0-0 c4 22. Rb1 Qg6 23. Qe2 Rf5 24. Nh3 Nf3+ 25. Kh1 Rh5 26. Rd1 Rxh3+ 27. gxh3 Qd6 0-1

[Event "Khanty-Mansiysk TOP 28 Blitz GP (Women)"]
[Site "Khanty-Mansiysk"]
[Date "2023.12.04"]
[Round "2"]
[White "Chervyakova, Tatiana"]
[Black "Zhurova, Anna"]
[Result "0-1"]
[WhiteElo "1742"]
[BlackElo "2181"]
[PlyCount "86"]
[EventDate "2023.12.04"]
[EventType "tourn (blitz)"]
[EventRounds "13"]
[EventCountry "RUS"]
[SourceTitle "CBM 217 Extra"]
[Source "ChessBase"]
[SourceDate "2024.01.31"]
[SourceVersion "1"]
[SourceVersionDate "2024.01.31"]
[SourceQuality "1"]

1. d4 Nf6 2. c4 e5 3. e3 exd4 4. exd4 d5 5. cxd5 Nxd5 6. Nf3 Bb4+ 7. Bd2 Bxd2+ 8. Qxd2 0-0 9. Be2 Nc6 10. 0-0 Bf5 11. Nc3 Nce7 12. Rfe1 c6 13. Bd3 Bxd3 14. Qxd3 Ng6 15. Nxd5 Qxd5 16. a3 Rfe8 17. Rxe8+ Rxe8 18. Qc3 Nf4 19. Re1 Rd8 20. Qe3 Ne6 21. Qe5 h6 22. Qxd5 Rxd5 23. Re4 Kf8 24. Kf1 Ke7 25. Ke2 Kd6 26. Ke3 Rb5 27. Nd2 f6 28. b4 Kd7 29. Ke2 Rd5 30. Nb3 b6 31. g3 a5 32. bxa5 bxa5 33. Kd3 a4 34. Nd2 Nc5+ 35. Kc4 Nxe4 36. Nxe4 Rf5 37. f4 g5 38. Nc5+ Kc8 39. fxg5 fxg5 40. Nxa4 Rf2 41. Nc3 Rxh2 42. d5 cxd5+ 43. Nxd5 Rg2 0-1

[Event "Khanty-Mansiysk TOP 28 Blitz GP (Women)"]
[Site "Khanty-Mansiysk"]
[Date "2023.12.04"]
[Round "3"]
[White "Zhurova, Anna"]
[Black "Borisova, Ekaterina"]
[Result "0-1"]
[WhiteElo "2181"]
[BlackElo "2168"]
[PlyCount "102"]
[EventDate "2023.12.04"]
[EventType "tourn (blitz)"]
[EventRounds "13"]
[EventCountry "RUS"]
[SourceTitle "CBM 217 Extra"]
[Source "ChessBase"]
[SourceDate "2024.01.31"]
[SourceVersion "1"]
[SourceVersionDate "2024.01.31"]
[SourceQuality "1"]

1. e4 g6 2. d4 Bg7 3. Nc3 c5 4. dxc5 Bxc3+ 5. bxc3 Nf6 6. e5 Ne4 7. Qd4 Qa5 8. Bd3 Nxc5 9. e6 f6 10. exd7+ Bxd7 11. Bd2 Nc6 12. Qe3 e5 13. Ne2 Nxd3+ 14. cxd3 0-0 15. h4 Qd5 16. 0-0 Rad8 17. Rab1 Bc8 18. d4 Rfe8 19. c4 Qxc4 20. Rfc1 Qd5 21. Qg3 exd4 22. Nf4 Qf5 23. a4 Kh8 24. Rb5 Re5 25. Rb3 Rde8 26. Rf3 Qg4 27. Qh2 Re4 28. Rg3 Qf5 29. Rf3 Qg4 30. h5 g5 31. Nd3 Re2 32. Rxf6 Rxd2 33. h6 Rxd3 34. Qc7 Qd7 35. Qxd7 Bxd7 36. Rf7 Ne5 37. Rf6 Rc3 38. Rb1 b6 39. a5 d3 40. axb6 axb6 41. Rd1 b5 42. Rb6 Kg8 43. f3 Rec8 44. Kh2 R3c4 45. Kg3 Kf7 46. Rb7 Ke7 47. Re1 R8c5 48. Rb8 d2 49. Rd1 Rd4 50. Rh8 Bf5 51. Rb8 Rc1 0-1